| 000 | 00349 a2200157 4500 | ||
|---|---|---|---|
| 001 | 47827 | ||
| 020 | _a | ||
| 040 | _cAnchieta - Aquarius | ||
| 100 | _aNarimatsu, Aura Celeste Gomes Ribeiro | ||
| 240 | 1 | 0 |
_aAs muralhas de jericó _lpor |
| 245 | 1 | 0 | _aAs muralhas de jericó |
| 300 | _a24 | ||
| 362 | 0 | _a1895 | |
| 650 | 4 | _aReligião | |
| 942 | _cBK | ||
| 999 |
_c47827 _d47827 |
||